Tanzania: Development of scientific research and SAREC's support 1977-1991

Na minha lista:
Detalhes bibliográficos
Autor principal: Carl Widstrand
Formato: Livro
Idioma:Undetermined
Publicado em: Stockholm, Sweden SAREC 1992
Assuntos:
Tags: Adicionar Tag
Sem tags, seja o primeiro a adicionar uma tag!
Thư viện lưu trữ: Trung tâm Học liệu Trường Đại học Cần Thơ
LEADER 00557nam a2200181Ia 4500
001 CTU_21536
008 210402s9999 xx 000 0 und d
082 |a 341.7675678 
082 |b C278 
100 |a Carl Widstrand 
245 0 |a Tanzania: Development of scientific research and SAREC's support 1977-1991 
245 0 |c Carl Widstrand 
260 |a Stockholm, Sweden 
260 |b SAREC 
260 |c 1992 
650 |a international law,research - law and legislation 
904 |i Minh, 980112 
980 |a Trung tâm Học liệu Trường Đại học Cần Thơ